[Event "Cto de Aragon  Equipos Cat Preferente"]
[Site "Aragon"]
[Date "2010.02.06"]
[Round "3.57"]
[White "Lucea Valero Alejandro"]
[Black "Aparicio Navarro Pedro Jose"]
[Result "1/2-1/2"]
[WhiteElo "1982"]
[BlackElo "2203"]

1.d4 Nf6 2.Nf3 g6 3.g3 Bg7 4.Bg2 O-O 5.O-O d6 6.Re1 Nbd7 7.Bf4 Nh5 8.Bd2 e5 9.
dxe5 dxe5 10.e4 a5 11.Qc1 Re8 12.Bg5 Nhf6 13.Nc3 c6 14.Qe3 h6 15.Bxf6 Qxf6 16.
Rad1 Qe7 17.Na4 b5 18.Nb6 Nxb6 19.Qxb6 Ra6 20.Qe3 Be6 21.a3 f6 22.Re2 Bf8 23.
Red2 Qc5 24.Qxc5 Bxc5 25.Ne1 Be7 26.Bf1 Raa8 27.Bd3 Rab8 28.Rc1 a4 29.c3 Red8
30.Rcd1 Kf7 31.Bc2 Rxd2 32.Rxd2 Rd8 33.Rxd8 Bxd8 34.Kf1 h5 35.Ke2 Be7 36.Nd3
Bf8 37.Nb4 Bd7 38.Nd3 Bh6 39.b3 axb3 40.Bxb3+ Ke7 41.a4 bxa4 42.Bxa4 Kd6 43.
Bb3 Be6 1/2-1/2

[Event "Cto de Aragon  Equipos Cat Preferente"]
[Site "Aragon"]
[Date "2010.02.06"]
[Round "3.58"]
[White "Munoz Munoz Juan Carlos"]
[Black "Minguez Guinda Andres"]
[Result "1-0"]
[WhiteElo "2129"]
[BlackElo "1896"]

1.e4 c5 2.Nc3 Nc6 3.g3 g6 4.Bg2 Bg7 5.f4 d6 6.d3 e6 7.Nf3 Nge7 8.O-O O-O 9.Be3
Nd4 10.e5 Nec6 11.exd6 Qxd6 12.Ne4 Qe7 13.c3 f5 14.cxd4 cxd4 15.Bf2 fxe4 16.
dxe4 e5 17.fxe5 Bg4 18.Qb3+ Be6 19.Qa4 d3 20.Qb5 Rxf3 21.Bxf3 Nxe5 22.Bc5 Qg5
23.Bg2 b6 24.Qa6 Bc8 25.Qa4 bxc5 26.Qe8+ 1-0

[Event "Cto de Aragon  Equipos Cat Preferente"]
[Site "Aragon"]
[Date "2010.02.06"]
[Round "3.59"]
[White "Buil Montanes Carlos"]
[Black "Sanchez Moreno Jose Carlos"]
[Result "0-1"]
[WhiteElo "1895"]
[BlackElo "2001"]

1.d4 Nf6 2.Nf3 g6 3.c4 c5 4.Nc3 cxd4 5.Nxd4 Bg7 6.e4 Nc6 7.Nc2 O-O 8.Be2 d6 9.
O-O Be6 10.Bd2 Ne5 11.Ne3 Rc8 12.Qa4 a6 13.Rac1 Nfd7 14.Ncd5 Nc5 15.Qa5 Nc6
16.Qxd8 Rcxd8 17.f3 Bxb2 18.Rb1 Bg7 19.Bb4 Bxd5 20.Nxd5 e6 21.Nf4 Nd4 22.Bd1
b5 23.cxb5 axb5 24.Ne2 Nd3 25.h3 Rfe8 26.Nxd4 Bxd4+ 27.Kh2 d5 28.Ba5 Rb8 29.
Be2 Nb2 30.Bb4 Nc4 31.Rfc1 Rec8 32.exd5 exd5 33.Bd3 Be5+ 34.Kg1 Bf4 35.Rc2 Re8
36.Re2 Bg3 37.Be1 Rxe2 38.Bxg3 Ree8 39.Bxb8 Rxb8 40.Kf2 Kf8 41.Rb4 Ke7 42.a4
Kd6 43.Rxb5 Rxb5 44.axb5 Kc5 45.Ke2 Kxb5 46.f4 Kb4 47.g4 Kc3 48.f5 Nb2 49.fxg6
fxg6 50.Bb1 d4 51.Kf3 d3 52.Bxd3 Nxd3 53.Ke4 Nf2+ 0-1

[Event "Cto de Aragon  Equipos Cat Preferente"]
[Site "Aragon"]
[Date "2010.02.06"]
[Round "3.60"]
[White "Gracia Martinez Juan Pablo"]
[Black "Lencina Orodea Javier"]
[Result "0-1"]
[WhiteElo "1850"]
[BlackElo "1781"]

1.e4 e6 2.d3 d5 3.Nd2 dxe4 4.dxe4 Nf6 5.g3 Bb4 6.c3 Bc5 7.Bg2 c6 8.Ngf3 O-O 9.
O-O h6 10.Qe2 Nbd7 11.e5 Nd5 12.Ne4 Be7 13.c4 N5b6 14.Rd1 Qc7 15.Nd6 f5 16.h4
Rd8 17.Bf4 Nf8 18.h5 Bd7 19.Nh4 Be8 20.Rac1 Rd7 21.Bh3 Qd8 22.Nxb7 Rxd1+ 23.
Rxd1 Qc7 24.Nd6 Rd8 25.Kh2 c5 26.Nhxf5 exf5 27.Bxf5 Bxd6 28.exd6 Qf7 29.Bd3
Qxh5+ 30.Qxh5 Bxh5 31.Re1 Re8 32.Be5 Bg6 33.Bf1 Nfd7 34.f4 Bf5 35.b3 Nxe5 36.
fxe5 Nd7 37.Bg2 Nxe5 38.Bd5+ Kh8 39.Rf1 Ng4+ 40.Kg1 Ne3 41.Re1 Bd7 42.Bf7 Rf8
43.Bg6 Nf5 44.Rf1 Rf6 45.Bxf5 Rxf5 46.Rd1 Kg8 47.Rd2 Kf7 48.Re2 Kf8 49.Rd2 Rf6
50.a3 Rf3 51.Rf2 Rxf2 52.Kxf2 a5 53.Ke3 Kf7 54.b4 axb4 55.axb4 cxb4 56.Kd4 Ke6
0-1

[Event "Cto de Aragon  Equipos Cat Preferente"]
[Site "Aragon"]
[Date "2010.02.06"]
[Round "3.61"]
[White "Antonano Fernandez Avelino"]
[Black "Neila Castillo Miguel Angel"]
[Result "1/2-1/2"]
[WhiteElo "2137"]
[BlackElo "2079"]

1.Nf3 g6 2.e4 Bg7 3.d4 d6 4.Bc4 Nf6 5.Qe2 Bg4 6.e5 dxe5 7.Bxf7+ Kxf7 8.Nxe5+
Kf8 9.Nxg4 Qxd4 10.Ne3 c6 11.O-O Nbd7 12.Nd2 h6 13.Nb3 Qh4 14.Bd2 Kg8 15.Bc3
Kh7 16.f4 Rae8 17.Rad1 e5 18.Be1 Qxf4 19.Rxf4 exf4 20.Rd3 Nd5 21.c4 Rxe3 22.
Rxe3 Nxe3 23.g3 Ne5 24.Na5 fxg3 25.Qxe3 gxh2+ 26.Kg2 Ng4 27.Qe7 h5 28.Nxb7 Rf8
29.Nd6 Rf1 30.Kxf1 h1=Q+ 31.Ke2 Qg2+ 32.Kd3 Qxb2 33.Ne4 Qd4+ 34.Ke2 Qxc4+ 35.
Kf3 Ne5+ 36.Kf4 Nd3+ 37.Kg3 Ne5 38.Kf4 Nd3+ 39.Kg3 Ne5 40.Nf6+ Kh6 41.Bd2+ g5
42.Qxe5 Qh4+ 43.Kf3 Qh3+ 44.Ke2 Qg2+ 45.Ke3 Qg1+ 46.Ke2 Qg2+ 47.Ke1 Qg1+ 48.
Ke2 1/2-1/2

[Event "Cto de Aragon  Equipos Cat Preferente"]
[Site "Aragon"]
[Date "2010.02.06"]
[Round "3.62"]
[White "Azaiez F"]
[Black "Juberias Segura Santiago"]
[Result "1-0"]
[WhiteElo "2014"]
[BlackElo "2111"]

1.e4 e5 2.Nf3 Nf6 3.Nxe5 d6 4.Nf3 Nxe4 5.Nc3 Nxc3 6.dxc3 Be7 7.Bf4 Nc6 8.Qd2
Bg4 9.O-O-O Qd7 10.h3 Bxf3 11.gxf3 O-O-O 12.Bc4 Bf6 13.Bd5 Rhe8 14.Be3 Re7 15.
f4 g6 16.h4 h5 17.Bg2 Kb8 18.Bh3 Qe8 19.Qd5 Bxh4 20.Bg2 Bf6 21.Rd3 Bg7 22.c4
Ka8 23.Ra3 a6 24.Qb5 Re4 25.Rh3 d5 26.Rxa6+ bxa6 27.Qxa6+ Kb8 28.Ba7+ Nxa7 29.
Rb3+ Nb5 30.Rxb5+ Qxb5 31.Qxb5+ Kc8 32.Bxe4 dxe4 33.Qa6+ Kd7 34.Qb7 f5 35.Qd5+
Ke7 36.Qc6 Rd7 37.Qxg6 Bd4 38.Qxf5 Bxf2 39.Qxe4+ Kd8 40.Qf3 Bd4 41.c3 Bc5 42.
b4 Bg1 43.Qg3 1-0

[Event "Cto de Aragon  Equipos Cat Preferente"]
[Site "Aragon"]
[Date "2010.02.06"]
[Round "3.63"]
[White "Gonzalvo Lara Victor"]
[Black "Garcia Valer Jesus V"]
[Result "1-0"]
[WhiteElo "2099"]
[BlackElo "1828"]

1.e4 d6 2.d4 Nf6 3.Nc3 g6 4.f3 c6 5.Be3 Nbd7 6.Qd2 e5 7.O-O-O Qc7 8.g4 Bg7 9.
h4 O-O 10.d5 c5 11.h5 a6 12.Nge2 b5 13.Ng3 Nb6 14.Qh2 Bxg4 15.fxg4 Nxg4 16.Qg1
f5 17.exf5 Nxe3 18.Qxe3 gxf5 19.h6 f4 20.Qe4 fxg3 21.hxg7 Qxg7 22.Bd3 h6 23.
Rh4 Rf4 24.Rxf4 exf4 25.Qxf4 g2 26.Qe3 Rf8 27.Rg1 b4 28.Nd1 c4 29.Be4 Re8 30.
Rxg2 Qxg2 31.Bxg2 Rxe3 32.Nxe3 Kg7 33.Nf5+ Kg6 34.Nxd6 Kf6 35.Kd2 h5 36.Ne8+
Ke5 37.d6 Ke6 38.Bh3+ Kf7 39.Nc7 1-0

[Event "Cto de Aragon  Equipos Cat Preferente"]
[Site "Aragon"]
[Date "2010.02.06"]
[Round "3.64"]
[White "Santos Morales Marco Antonio"]
[Black "Solanas Godes Beatriz"]
[Result "0-1"]
[WhiteElo "1799"]
[BlackElo "1777"]

1.d4 d5 2.c4 e6 3.Nc3 Nf6 4.Nf3 Nbd7 5.Bf4 Be7 6.e3 Nh5 7.cxd5 Nxf4 8.exf4
exd5 9.Nxd5 Nf6 10.Nxe7 Qxe7+ 11.Qe2 Qxe2+ 12.Bxe2 Nd5 13.g3 O-O 14.O-O-O c6
15.Ne5 f6 16.Nc4 Rd8 17.Ne3 Kh8 18.Nxd5 Rxd5 19.Bf3 Rd6 20.Kc2 Bf5+ 21.Kc3 Be6
22.a3 Rad8 23.Rhe1 Kg8 24.Re3 Kf8 25.Rde1 Rxd4 26.Bxc6 Rc4+ 0-1

[Event "Cto de Aragon  Equipos Cat Preferente"]
[Site "Aragon"]
[Date "2010.02.13"]
[Round "4.1"]
[White "Garza Marco Sergio"]
[Black "Adla Diego Gustavo"]
[Result "0-1"]
[WhiteElo "2418"]
[BlackElo "2506"]

1.Nf3 d5 2.g3 c6 3.Bg2 Bf5 4.O-O e6 5.d3 Nf6 6.Nbd2 h6 7.Qe1 Be7 8.e4 Bh7 9.
Qe2 O-O 10.b3 a5 11.a4 Na6 12.Bb2 Nb4 13.Ne1 Qb6 14.Kh1 Nd7 15.f4 Bf6 16.e5
Be7 17.g4 Rae8 18.c3 Na6 19.d4 f6 20.exf6 Rxf6 21.Nd3 Qc7 22.Rae1 Bxd3 23.Qxd3
Bd6 24.g5 hxg5 25.fxg5 Rxf1+ 26.Nxf1 Nf8 27.Bc1 Qf7 28.Ng3 Qg6 29.Qd1 Nc7 30.
Rf1 Re7 31.c4 Na6 32.Qe2 Rf7 33.Re1 Nb4 34.Bd2 Nc2 35.Rc1 Nxd4 36.Qe3 Nf5 37.
Nxf5 Rxf5 38.Qd3 Bf4 39.Bh3 Re5 40.Qxg6 Nxg6 41.Bxf4 Nxf4 0-1

[Event "Cto de Aragon  Equipos Cat Preferente"]
[Site "Aragon"]
[Date "2010.02.13"]
[Round "4.2"]
[White "Glavina Rossi Pablo"]
[Black "Fontana Sotomayour Luis Javier"]
[Result "1/2-1/2"]
[WhiteElo "2478"]
[BlackElo "2353"]

1.Nf3 Nc6 2.e4 Nf6 3.e5 Ng4 4.d4 d6 5.e6 fxe6 6.Ng5 Nf6 7.Bd3 Qd7 8.c3 g6 9.h4
Bg7 10.h5 gxh5 11.Rxh5 e5 12.d5 Nd8 13.Rxh7 Rxh7 14.Bxh7 Qg4 15.Bg6+ Kf8 16.
Qxg4 Bxg4 17.c4 e6 18.Nc3 c6 19.f3 Bf5 20.Bxf5 exf5 21.Be3 Ke7 22.Ke2 Nf7 23.
Ne6 Bh8 24.Ng5 Nxg5 25.Bxg5 Rg8 26.Bxf6+ Bxf6 27.Kf2 Bh4+ 28.Kf1 Kd7 29.Rd1 c5
30.Rd3 Bg5 31.Ne2 a6 32.a4 Kc7 33.f4 Bxf4 34.Nxf4 exf4 35.Rh3 Re8 36.Rh7+ Kc8
37.Rf7 Re4 38.b3 b5 39.cxb5 axb5 40.axb5 Re5 41.Kf2 Rxd5 42.Kf3 Rd3+ 43.Kxf4
Rd2 44.Kxf5 Rxg2 45.Ke6 Rd2 46.b6 Rd3 47.Rc7+ Kb8 48.Kd7 Rxb3 49.Kc6 Rh3 50.
Rb7+ Kc8 51.Rg7 1/2-1/2

[Event "Cto de Aragon  Equipos Cat Preferente"]
[Site "Aragon"]
[Date "2010.02.13"]
[Round "4.3"]
[White "Ramiro Ovejero Juan Luis"]
[Black "Lopez Gracia Fernando"]
[Result "1/2-1/2"]
[WhiteElo "2346"]
[BlackElo "2303"]

1.Nf3 Nf6 2.d4 g6 3.c4 Bg7 4.Nc3 O-O 5.e4 d6 6.Be2 e5 7.O-O Nc6 8.d5 Ne7 9.Ne1
Nd7 10.Nd3 f5 11.Bd2 Kh8 12.Rc1 Ng8 13.b4 Ndf6 14.f3 Bh6 15.exf5 gxf5 16.f4 e4
17.Nf2 Bd7 18.Be3 a6 19.c5 Ne7 20.Nh3 Qe8 21.Ng5 Ng6 22.Bc4 Bxg5 23.fxg5 Ng4
24.Bd4+ N4e5 25.c6 bxc6 26.dxc6 Bxc6 27.Nd5 Qd8 28.Qh5 Bxd5 29.Bxd5 Rb8 30.a3
a5 31.Rc3 Qe7 32.Rh3 Qg7 33.Bc3 axb4 34.axb4 Rbe8 35.Bc6 Rd8 36.Bd5 Rde8 37.
Qh6 Qxh6 38.gxh6 Ne7 39.Be6 Rf6 40.Bb3 Ng8 41.Re3 Ref8 42.g4 Nxh6 43.gxf5 Nxf5
44.Rxe4 Rg6+ 45.Kh1 Ng3+ 46.hxg3 Rxf1+ 47.Kg2 Rc1 48.Re3 Rg4 49.Be6 Rc2+ 50.
Kg1 Rg5 51.Bb3 Rc1+ 52.Kg2 Kg7 53.Bd2 Rb1 54.Rc3 Rb2 55.Bc2 Rg4 56.Rxc7+ Kf6
57.Kh3 Rg7 58.Rc8 Rb7 59.Be4 R7xb4 60.Bxb4 Rxb4 61.Bxh7 d5 1/2-1/2

[Event "Cto de Aragon  Equipos Cat Preferente"]
[Site "Aragon"]
[Date "2010.02.13"]
[Round "4.4"]
[White "Moreno Gracia Daniel"]
[Black "Antoli Royo Joaquin Miguel"]
[Result "1-0"]
[WhiteElo "2246"]
[BlackElo "2334"]

1.d4 d5 2.c4 dxc4 3.Nf3 Nf6 4.e3 Bg4 5.Bxc4 e6 6.Nc3 Nbd7 7.O-O Be7 8.e4 O-O
9.Be3 c5 10.e5 Ne8 11.Be2 Qc7 12.Rc1 Rd8 13.Qb3 Qb8 14.Rfe1 cxd4 15.Bxd4 b6
16.Rcd1 Bh5 17.Nd2 Nxe5 18.Bxe5 Qxe5 19.Nc4 Qg5 20.Ne4 Qh4 21.Bxh5 Qxh5 22.
Rxd8 Bxd8 23.Ng3 Qh4 24.Ne5 Nf6 25.Qa3 Qd4 26.b3 Qc3 27.Qc1 Qa5 28.a4 Qb4 29.
Nc6 Qxb3 30.Nxd8 Rxd8 31.Qc7 Ra8 32.Rc1 Qxa4 33.Qb7 Qe8 34.h3 h6 35.Rc7 Nd5
36.Rxf7 Qxf7 37.Qxa8+ Kh7 38.Ne4 Qf4 39.f3 Qc1+ 40.Kh2 Qf4+ 41.Kg1 a5 42.Qc6
Qe5 43.Qc2 Qf5 44.g4 Qg6 45.h4 Kh8 46.Qc8+ Kh7 47.h5 Qf7 48.Nd6 Qf6 49.Qc2+ g6
50.Ne4 Qa1+ 51.Kf2 Qd4+ 52.Kg3 Qg1+ 53.Kh4 Kg7 54.hxg6 Qe1+ 55.Ng3 Qf2 56.Qxf2
1-0

[Event "Cto de Aragon  Equipos Cat Preferente"]
[Site "Aragon"]
[Date "2010.02.13"]
[Round "4.5"]
[White "Llorente Zaro Alfonso"]
[Black "Garcia Ramon Ricardo"]
[Result "1-0"]
[WhiteElo "2401"]
[BlackElo "2084"]

1.c4 c5 2.Nf3 e6 3.d4 Nf6 4.Nc3 cxd4 5.Nxd4 Be7 6.e4 d6 7.Be2 O-O 8.O-O b6 9.
Bf3 e5 10.Nf5 Be6 11.b3 Nc6 12.Ba3 Bxf5 13.exf5 Rc8 14.Bxc6 Rxc6 15.Qf3 Qa8
16.Rad1 Rd8 17.Rd2 a6 18.Rfd1 Qc8 19.g4 h6 20.Nd5 Nxd5 21.Rxd5 Qc7 22.Kg2 a5
23.Bc1 a4 24.Bb2 axb3 25.axb3 Rc5 26.Ba3 Rc6 27.h3 Bf6 28.Bb4 Be7 29.Bd2 Rc5
30.Be3 Rxd5 31.Rxd5 f6 32.Rb5 Rb8 33.Qd5+ Kf8 34.f3 Bd8 35.h4 Be7 36.Rb4 Bd8
37.Rb5 Be7 38.Kf2 Bd8 39.Ke2 Be7 40.Bd2 Bd8 41.Kd3 Be7 42.Ke2 Bd8 43.Kd3 Be7
44.Be3 Bd8 45.Rb4 Be7 46.Ra4 Bd8 47.Ke4 b5 48.Ra7 1-0

[Event "Cto de Aragon  Equipos Cat Preferente"]
[Site "Aragon"]
[Date "2010.02.13"]
[Round "4.6"]
[White "Jimenez Fernandez Alejandro"]
[Black "Ramon Perez Jose Luis"]
[Result "1/2-1/2"]
[WhiteElo "2003"]
[BlackElo "2312"]

1.d4 Nf6 2.c4 c5 3.d5 b5 4.cxb5 a6 5.bxa6 Bxa6 6.Nc3 g6 7.g3 Bg7 8.Bg2 O-O 9.
Nf3 d6 10.Rb1 Bc8 11.Qc2 Na6 12.a3 Nc7 13.Nh4 Bb7 14.Qd2 Ra7 15.O-O Qa8 16.e4
Rb8 17.f4 Bc8 18.e5 Nfe8 19.Qc2 Rb6 20.f5 Bxe5 21.fxg6 hxg6 22.Rxf7 Bf5 23.
Nxf5 Kxf7 24.Nh4 Ng7 25.Qxg6+ Kg8 26.Nf5 Qe8 27.Nh6+ Kh8 28.Nf7+ Kg8 29.Nh6+
Kh8 30.Nf7+ 1/2-1/2

[Event "Cto de Aragon  Equipos Cat Preferente"]
[Site "Aragon"]
[Date "2010.02.13"]
[Round "4.7"]
[White "Gomez Luesia Jesus C"]
[Black "Castillo Sanjuan Alejandro"]
[Result "1-0"]
[WhiteElo "2193"]
[BlackElo "1967"]

1.d4 Nf6 2.c4 g6 3.Nc3 Bg7 4.e4 d6 5.f3 O-O 6.Be3 Na6 7.Nge2 c5 8.d5 Bd7 9.Ng3
Nc7 10.Bd3 Rb8 11.a4 a6 12.Qe2 Nfe8 13.O-O e6 14.f4 exd5 15.exd5 f5 16.Kh1 Nf6
17.Rfe1 Ng4 18.Bg1 Re8 19.Qd2 Qh4 20.Nf1 Bh6 21.g3 Qh5 22.h4 Bg7 23.Rxe8+ Rxe8
24.Re1 Bf6 25.Rxe8+ Nxe8 26.Be2 h6 27.Kg2 g5 28.hxg5 hxg5 29.a5 gxf4 30.gxf4
Qg6 31.Ng3 Bh4 32.Qd3 Nef6 33.Kf1 Nh6 34.Bf2 Bxg3 35.Qxg3 Nhg4 36.Ke1 Kg7 37.
Qh4 Nxf2 38.Kxf2 Kf7 39.Qh8 Qh7 40.Qxh7+ Nxh7 41.Bh5+ Kg7 42.Nd1 Nf6 43.Bf3
Kg6 44.Ke3 Ba4 45.Nf2 Bd7 46.Nd3 Ng4+ 47.Kd2 Kh5 48.b4 cxb4 49.Nxb4 Kh4 50.Nd3
Kg3 51.Be2 Nf6 52.Kc3 Ne4+ 53.Kd4 Nd2 54.Bd1 Ne4 55.c5 dxc5+ 56.Nxc5 Nxc5 57.
Kxc5 Kxf4 58.Kd6 Bb5 59.Kc7 Ke5 60.d6 Kd5 61.Be2 Bc6 62.d7 Bxd7 63.Kxd7 Kc5
64.Kc7 Kb4 65.Kb6 f4 66.Bf3 1-0

[Event "Cto de Aragon  Equipos Cat Preferente"]
[Site "Aragon"]
[Date "2010.02.13"]
[Round "4.8"]
[White "Aguilar Munoz Victor"]
[Black "Valiente Gimenez Jose Luis"]
[Result "1/2-1/2"]
[WhiteElo "1895"]
[BlackElo "2128"]

1.c4 Nf6 2.Nc3 e5 3.Nf3 Nc6 4.d4 exd4 5.Nxd4 Bc5 6.e3 O-O 7.Be2 d6 8.O-O a6 9.
b3 Re8 10.Nxc6 bxc6 11.Qc2 Bg4 12.Bb2 Qd7 13.Rad1 Bxe2 14.Qxe2 Ng4 15.Qf3 Nxe3
16.Ne4 Rxe4 17.Qxe4 Nxf1 18.Kxf1 Re8 19.Qf3 Qe6 20.Bc3 f6 21.Re1 Qd7 22.Rxe8+
Qxe8 23.g4 Qf7 24.h3 d5 25.b4 Be7 26.c5 a5 27.a3 axb4 28.axb4 Qe6 29.Qd3 Qe4
30.Qxe4 dxe4 31.Ke2 Kf7 32.Ke3 Ke6 33.Kxe4 g6 34.f3 f5+ 35.Ke3 Kd5 36.Kd3 Bg5
37.Be1 Bf4 38.Bf2 Be5 39.Be1 Ke6 40.Kc4 Kf6 41.Bh4+ g5 42.Be1 Bb2 43.Kd3 Ke6
44.Bg3 Be5 45.Be1 Bh2 46.Bd2 h6 47.Be3 Be5 48.Bd2 Bg3 49.Be3 Be5 50.Bd2 Kf7
51.Kc4 Bb2 52.Kd3 Kg6 53.Kc4 h5 54.b5 hxg4 55.hxg4 cxb5+ 56.Kxb5 Kf6 57.Kc6
fxg4 58.fxg4 Bd4 59.Ba5 Ke5 60.Bxc7+ Ke4 61.Bd8 Kf4 1/2-1/2

[Event "Cto de Aragon  Equipos Cat Preferente"]
[Site "Aragon"]
[Date "2010.02.13"]
[Round "4.9"]
[White "Baron Rodriguez Jesus"]
[Black "Guzman Moneo Alberto"]
[Result "1-0"]
[WhiteElo "2436"]
[BlackElo "2215"]

1.e4 g6 2.Nc3 Bg7 3.d4 d6 4.f4 e6 5.Nf3 Ne7 6.Bd3 Nd7 7.Be3 a6 8.Qd2 b5 9.e5
Nb6 10.a4 Nc4 11.Bxc4 bxc4 12.Qe2 Rb8 13.Ra2 Bb7 14.Qxc4 Nd5 15.Bd2 Nb4 16.
Qxb4 Bxf3 17.Qc4 Bxg2 18.Rg1 Qh4+ 19.Kd1 Qxh2 20.Be3 Bf3+ 21.Kc1 O-O 22.Qxa6
Rfd8 23.Qf1 Ba8 24.Nb5 c5 25.Nxd6 cxd4 26.Qf2 Qxf2 27.Bxf2 Bh6 28.Rg4 Bf3 29.
Rh4 Bg7 30.Ra3 Bc6 31.a5 h5 32.a6 Ra8 33.Ra5 Bf8 34.Bxd4 Bxd6 35.exd6 Rxd6 36.
c3 Rd5 37.Rxd5 Bxd5 38.a7 e5 39.fxe5 Bf3 40.Rf4 Bd5 41.Bf2 Kf8 42.b4 Ke7 43.c4
g5 44.Bc5+ Ke8 45.Rf5 Bxc4 46.Rxg5 Kd7 47.Rxh5 Kc6 48.Rh4 Bd5 49.Rd4 Be6 50.
Rd6+ Kb5 51.Kd2 Kc4 52.Ke3 Rg8 53.Rb6 Rg3+ 54.Kf4 Ra3 55.Rb8 Bd5 56.Be3 Ra4
57.Kg5 Bc6 58.b5 Bd5 59.b6 1-0

[Event "Cto de Aragon  Equipos Cat Preferente"]
[Site "Aragon"]
[Date "2010.02.13"]
[Round "4.10"]
[White "Navarro Alonso Jorge Luis"]
[Black "Forcen Esteban Daniel"]
[Result "0-1"]
[WhiteElo "2204"]
[BlackElo "2267"]

1.e4 c5 2.Nf3 d6 3.d4 cxd4 4.Nxd4 Nf6 5.Nc3 a6 6.Bc4 e6 7.O-O Nbd7 8.Re1 Qc7
9.Bxe6 fxe6 10.Nxe6 Qb8 11.Nd5 Ra7 12.Bf4 Ne5 13.Bxe5 dxe5 14.Nxf6+ gxf6 15.
Qh5+ Ke7 16.Nd8 Kxd8 17.Qf7 Be7 18.Rad1+ Bd7 19.Rxd7+ Kxd7 20.Rd1+ Qd6 21.
Rxd6+ Kxd6 22.Qd5+ Kc7 23.Qf7 Kd7 24.h4 Raa8 25.Qd5+ Kc7 26.Qc4+ Kb8 27.Qf7
Bc5 28.b4 Bxb4 29.Qxf6 Ka7 30.Qxe5 Rac8 31.h5 Rhe8 32.Qg7 Re7 33.Qd4+ Bc5 34.
Qd5 Bb6 35.Kh2 Rc5 0-1

[Event "Cto de Aragon  Equipos Cat Preferente"]
[Site "Aragon"]
[Date "2010.02.13"]
[Round "4.11"]
[White "Antolin Concha Diego"]
[Black "Cerrajeria Ruiz Jesus Maria"]
[Result "1-0"]
[WhiteElo "2191"]
[BlackElo "2100"]

1.d4 Nf6 2.c4 c5 3.d5 b5 4.cxb5 a6 5.bxa6 Bxa6 6.Nc3 d6 7.Nf3 g6 8.g3 Bg7 9.
Bg2 O-O 10.Rb1 Nbd7 11.O-O Qc7 12.b3 Rfb8 13.Qc2 Nb6 14.Rd1 Bb7 15.e4 Ba6 16.
Bb2 Nbd7 17.a3 Ra7 18.Bf1 Bxf1 19.Rxf1 Rab7 20.Nd2 Ng4 21.a4 Bh6 22.Nb5 Qc8
23.Nc4 f6 24.Na5 Nde5 25.h3 Nxf2 26.Qxf2 Qxh3 27.Bxe5 fxe5 28.Qh2 Be3+ 29.Kh1
Qg4 30.Nxb7 Rxb7 31.Qh4 Qe2 32.Rbe1 Qd3 33.Qg4 Kg7 34.Qf3 1-0

[Event "Cto de Aragon  Equipos Cat Preferente"]
[Site "Aragon"]
[Date "2010.02.13"]
[Round "4.12"]
[White "Matamoros Villarreal Antonio"]
[Black "Glaria Murillo Christian"]
[Result "1/2-1/2"]
[WhiteElo "1971"]
[BlackElo "2181"]

1.e4 c5 2.Nf3 d6 3.d4 cxd4 4.Nxd4 Nf6 5.Nc3 a6 6.Bc4 e6 7.Bb3 b5 8.f4 Bb7 9.f5
e5 10.Nf3 h6 11.Be3 Nbd7 12.Qd3 Rc8 13.O-O-O Be7 14.Rhe1 Qc7 15.Re2 O-O 16.Nd5
Nxd5 17.Bxd5 Nf6 18.Bxb7 Qxb7 19.Bf2 Nd7 20.g4 Nc5 21.Bxc5 dxc5 22.Qd5 Qb6 23.
Qxe5 Bf6 24.Qf4 Qa5 25.e5 Qxa2 26.c3 Qa1+ 27.Kc2 Bg5 28.Nxg5 hxg5 29.Qxg5 Qa4+
30.Kc1 Qa1+ 1/2-1/2

[Event "Cto de Aragon  Equipos Cat Preferente"]
[Site "Aragon"]
[Date "2010.02.13"]
[Round "4.13"]
[White "Martinez Catalin Francisco Javier"]
[Black "Gavin Roche Enrique"]
[Result "0-1"]
[WhiteElo "2272"]
[BlackElo "2261"]

1.d4 d5 2.Nf3 Nf6 3.c4 e6 4.g3 Be7 5.Bg2 O-O 6.O-O dxc4 7.Qc2 a6 8.a4 Bd7 9.
Qxc4 Bc6 10.Bf4 a5 11.Nc3 Na6 12.Nb5 Bd5 13.Qc1 c5 14.Qe3 Ng4 15.Qd2 cxd4 16.
h3 Nf6 17.Qxd4 Nc5 18.Bc7 Qc8 19.Nd2 Bc6 20.Bxc6 bxc6 21.Bd6 Rd8 22.Qxc5 cxb5
23.Qxc8 Raxc8 24.Bxe7 Rxd2 25.axb5 Nd5 26.Bg5 Rxe2 27.Rxa5 Rxb2 28.Rc1 Rb8 29.
Rc5 h6 30.Bc1 Rb1 31.Kg2 Nb4 32.Bf4 Rb7 33.Ra8+ Kh7 34.Rb8 Rxb8 35.Bxb8 Nd3
36.Rc3 Ne1+ 37.Kh2 Rxb5 38.Bf4 Rd5 39.Be3 e5 40.g4 g5 41.Rc6 Kg7 42.Kg3 f6 43.
Rc1 Nd3 44.Rc7+ Kg6 45.Kf3 Rd8 46.Ke4 Ne1 47.Bc5 Ng2 48.Be3 0-1

[Event "Cto de Aragon  Equipos Cat Preferente"]
[Site "Aragon"]
[Date "2010.02.13"]
[Round "4.14"]
[White "Van Ojik Mark"]
[Black "Valles Mata David"]
[Result "1-0"]
[WhiteElo "2213"]
[BlackElo "2150"]

1.e4 c5 2.Nf3 Nc6 3.d4 cxd4 4.Nxd4 Nf6 5.Nc3 e5 6.Nf3 Bb4 7.Bc4 Nxe4 8.Qd5 Nd6
9.Bb3 Qa5 10.O-O O-O 11.Qd3 Bxc3 12.bxc3 e4 13.Qxd6 exf3 14.gxf3 Qxc3 15.Ba3
Rd8 16.Rae1 Qf6 17.Qxf6 gxf6 18.Bd6 Nd4 19.Kh1 h5 20.Rg1+ Kh7 21.Re7 Rg8 22.
Rxf7+ Kh8 23.Rh7+ 1-0

[Event "Cto de Aragon  Equipos Cat Preferente"]
[Site "Aragon"]
[Date "2010.02.13"]
[Round "4.15"]
[White "Solano Lasierra Javier"]
[Black "Lopez Guaita Fernando"]
[Result "1-0"]
[WhiteElo "2142"]
[BlackElo "2026"]

1.d4 Nf6 2.c4 g6 3.Nc3 Bg7 4.e4 d6 5.f4 O-O 6.Nf3 c5 7.d5 a6 8.a4 e6 9.dxe6
fxe6 10.Bd3 Nc6 11.O-O b6 12.Ng5 e5 13.f5 Nd4 14.Be3 Qe8 15.fxg6 hxg6 16.Qe1
Bh6 17.Rxf6 Rxf6 18.Nd5 Qf8 19.Qh4 Rf3 20.Bxd4 Rxd3 21.Rf1 Qg7 22.Nf6+ Kh8 23.
Nf7+ 1-0

[Event "Cto de Aragon  Equipos Cat Preferente"]
[Site "Aragon"]
[Date "2010.02.13"]
[Round "4.16"]
[White "Velamazan Gomez Angel"]
[Black "Felez Casedas Carlos"]
[Result "0-1"]
[WhiteElo "1955"]
[BlackElo "1997"]

1.d4 d5 2.Nf3 e6 3.c4 Nf6 4.Nc3 Be7 5.Bg5 O-O 6.e3 h6 7.Bh4 Ne4 8.Bxe7 Qxe7 9.
Qb3 Rd8 10.Rc1 Nxc3 11.Rxc3 c6 12.Bd3 Nd7 13.cxd5 exd5 14.O-O Nf6 15.Ne5 Ng4
16.Nf3 Be6 17.Bb1 Nf6 18.Ne5 Ne4 19.Bxe4 dxe4 20.Qc2 Bd5 21.b3 a5 22.Rc5 f6
23.Nc4 Bxc4 24.Qxc4+ Qf7 25.Qc2 Qe6 26.a4 Kf7 27.Rc1 Rd5 28.Rxd5 Qxd5 29.Qc4
Ke6 30.Kf1 Qxc4+ 31.bxc4 Kd6 32.Rb1 Kc7 33.Ke2 Rf8 34.f3 exf3+ 35.gxf3 f5 36.
c5 Rf6 37.h4 Rg6 38.Kf2 Re6 39.h5 g5 40.hxg6 Rxg6 41.Rg1 Rxg1 42.Kxg1 b5 43.
cxb6+ Kxb6 44.Kf2 c5 45.d5 c4 46.e4 fxe4 47.fxe4 Kc5 48.Ke3 h5 49.Kf4 c3 0-1

[Event "Cto de Aragon  Equipos Cat Preferente"]
[Site "Aragon"]
[Date "2010.02.13"]
[Round "4.17"]
[White "Cantin Zaborras Valentin"]
[Black "Naya Sancho Jose Ignacio"]
[Result "1/2-1/2"]
[WhiteElo "2117"]
[BlackElo "2069"]

1.e4 e6 2.d4 d5 3.Nd2 c5 4.exd5 exd5 5.Ngf3 Nc6 6.Bb5 Bd6 7.O-O Ne7 8.c4 O-O
9.dxc5 Bxc5 10.Nb3 Bb6 11.Bxc6 dxc4 12.Qxd8 Rxd8 13.Ba4 cxb3 14.Bxb3 Nc6 15.h3
Bf5 16.Bf4 1/2-1/2

[Event "Cto de Aragon  Equipos Cat Preferente"]
[Site "Aragon"]
[Date "2010.02.13"]
[Round "4.18"]
[White "Roche Simon Miguel Angel"]
[Black "Valiente Roy Jose Javier"]
[Result "1/2-1/2"]
[WhiteElo "2052"]
[BlackElo "2060"]

1.e4 c6 2.d4 d5 3.Nc3 dxe4 4.Nxe4 Bf5 5.Ng3 Bg6 6.h4 h6 7.Nf3 Nd7 8.h5 Bh7 9.
Bd3 Bxd3 10.Qxd3 e6 11.Bf4 Ngf6 12.O-O-O Be7 13.Ne4 Nxe4 14.Qxe4 Nf6 15.Qe2
Qd5 16.Kb1 Qe4 1/2-1/2

[Event "Cto de Aragon  Equipos Cat Preferente"]
[Site "Aragon"]
[Date "2010.02.13"]
[Round "4.19"]
[White "Martin Barbero Roberto"]
[Black "Egido Fernandez Fernando"]
[Result "1/2-1/2"]
[WhiteElo "2002"]
[BlackElo "2007"]

1.d4 Nf6 2.c4 e6 3.Nc3 Bb4 4.Qc2 O-O 5.Nf3 d6 6.g3 Nbd7 7.Bg2 e5 8.O-O Bxc3 9.
Qxc3 Qe7 10.dxe5 dxe5 11.Bg5 1/2-1/2

[Event "Cto de Aragon  Equipos Cat Preferente"]
[Site "Aragon"]
[Date "2010.02.13"]
[Round "4.20"]
[White "Naya Sancho Juan Manuel"]
[Black "Navarro Castan Jesus"]
[Result "1/2-1/2"]
[WhiteElo "1863"]
[BlackElo "1850"]

1.e4 c5 2.Nf3 Nc6 3.d4 cxd4 4.Nxd4 g6 5.Nc3 Bg7 6.Be3 Nf6 7.Nb3 O-O 8.Be2 d6
9.O-O Bd7 10.f4 b5 11.a3 a5 12.Bf3 b4 13.axb4 axb4 14.Nd5 Rxa1 15.Qxa1 Qa8
1/2-1/2

[Event "Cto de Aragon  Equipos Cat Preferente"]
[Site "Aragon"]
[Date "2010.02.13"]
[Round "4.21"]
[White "Gomez Anadon Daniel"]
[Black "Alonso Blasco Jose Miguel"]
[Result "1-0"]
[WhiteElo "2256"]
[BlackElo "2114"]

1.Nf3 Nf6 2.d4 e6 3.Nbd2 d5 4.e3 Bd6 5.Bd3 Nbd7 6.O-O O-O 7.Re1 e5 8.e4 dxe4
9.Nxe4 exd4 10.Nxd6 cxd6 11.Nxd4 Ne5 12.Bf4 Bg4 13.Qd2 Nxd3 14.Qxd3 a6 15.h3
Bh5 16.Qa3 d5 17.Qb4 b5 18.Bg5 h6 19.Nc6 Qb6 20.Qd6 Kh7 21.Bxf6 Rac8 22.Be7
Rxc6 23.Qxd5 Rxc2 24.Bxf8 Qxf2+ 25.Kh1 Bg4 26.Rf1 Qg3 27.Rxf7 1-0

[Event "Cto de Aragon  Equipos Cat Preferente"]
[Site "Aragon"]
[Date "2010.02.13"]
[Round "4.22"]
[White "Javierre Conesa Alfonso"]
[Black "Jaques Burguete Raul"]
[Result "1/2-1/2"]
[WhiteElo "1970"]
[BlackElo "2067"]

1.d4 d5 2.c4 e6 3.Nc3 c6 4.cxd5 exd5 5.Nf3 Nf6 6.Bf4 Bb4 7.a3 Bxc3+ 8.bxc3 Bf5
9.Qb3 Qb6 10.Qb4 Nbd7 11.e3 a5 12.Qxb6 Nxb6 13.Nh4 Bc8 14.Bd3 O-O 15.Nf5 Na4
16.Ne7+ Kh8 17.Nxc8 Rfxc8 18.c4 Nb2 19.Bf5 Re8 20.c5 Ne4 21.Bxe4 dxe4 22.O-O
Re7 23.Rfb1 Nd3 24.Bd6 Rd7 25.Rb6 h5 26.Rab1 Kh7 27.Rxb7 Rxb7 28.Rxb7 Kg6 29.
Rb6 Rc8 30.h3 a4 31.Bg3 Kf5 32.f3 g5 33.Rb7 f6 34.Re7 exf3 35.gxf3 h4 36.Bh2
Ne1 37.Kf2 Nc2 38.Ra7 Nxa3 39.Rxa4 Nb5 40.Ra6 Ke6 41.Ke2 Nc3+ 42.Kd3 Nd5 43.
Ke2 Nc3+ 44.Kd3 Nd5 45.Ke2 Nc3+ 46.Kd3 Nd5 1/2-1/2